Score 0/12 Timer 00:30
3 Plays Today
% Correct
Hanoi
79.3%
Riga
76.3%
Nassau
73.3%
Abuja
71%
Ljubljana
69.9%
Phnom Penh
69.4%
Vilnius
65.3%
Castries
57.6%
Juba
56.2%
Tashkent
55.9%
Yerevan
55.6%
Funafuti
55.2%

Today's Daily Dose

Remove Ads.
Support Sporcle.
Get the best of Sporcle when you Go Orange. This ad-free experience offers more features, more stats, and more fun while also helping to support Sporcle. Thank you for becoming a member.

You're not logged in!

Compare scores with friends on all Sporcle quizzes.
OR
Log In

Show Comments

Extras

Top Quizzes Today


Score Distribution

Your Account Isn't Verified!

In order to create a playlist on Sporcle, you need to verify the email address you used during registration. Go to your Sporcle Settings to finish the process.

Report this User

Report this user for behavior that violates our Community Guidelines.

Details: